Instrumental liquid chromatography: a practical manual on high-perfomance liquid chromatographic methods
সংরক্ষণ করুন:
| প্রধান লেখক: | |
|---|---|
| বিন্যাস: | গ্রন্থ |
| ভাষা: | ইংরেজি |
| প্রকাশিত: |
Amsterdam
Elsevier
1984
|
| সংস্করন: | 2a. ed |
| মালা: | Journal of Chromatography Library, 27
|
| বিষয়গুলি: | |
| ট্যাগগুলো: |
ট্যাগ যুক্ত করুন
কোনো ট্যাগ নেই, প্রথমজন হিসাবে ট্যাগ করুন!
|
MARC
| LEADER | 00000nam a2200000 a 4500 | ||
|---|---|---|---|
| 001 | UCV6993 | ||
| 003 | CL-VaPUC | ||
| 008 | 900516e19840000NE |||||||||||||||||eng|d | ||
| 082 | 0 | 4 | |a 544.924 |b PAR |2 21 |
| 100 | |a Parris, N. A. |e author |9 300976 | ||
| 245 | 1 | 0 | |a Instrumental liquid chromatography: a practical manual on high-perfomance liquid chromatographic methods |
| 250 | |a 2a. ed | ||
| 300 | |a 432 p | ||
| 942 | |c BK | ||
| 945 | |d 19900516 00:00:00 | ||
| 260 | |a Amsterdam |b Elsevier |c 1984 | ||
| 650 | 0 | |a Cromatografía líquida |9 263939 | |
| 583 | |a last modification |c 19900516 00:00:00 |k Rodrigo Vera | ||
| 490 | 0 | |a Journal of Chromatography Library, 27 | |
| 999 | |c 212757 |d 212755 | ||
| 952 | |0 0 |1 0 |4 0 |6 544_924000000000000_PAR_1984 |7 0 |8 A |9 194326 |a BIBING |b BIBING |d 2019-11-14 |i 165473K |o 544.924 PAR 1984 |p 165473K |r 2025-01-20 |w 2019-11-14 |y BK |k ING | ||